01329 a2200205 4500020001500000020001800015082000800033100002300041245006200064250001200126260005900138300002900197500001500226520063600241650001600877650004100893700002000934856008200954856008701036 a007111260X a978007111260404a1501 aCohen, Ronald Jay.10aPsychological testing and assessment /cRonald Jay Cohen. a6th ed. a[S.l.] :bMcGraw-Hill Education (ISE Editions),c2004. a1 v. (unpaged) ;c25 cm. aPaperback. aThis is a thoroughly updated revision of the most highly acclaimed and successful undergraduate measurement text in testing over the last fifteen years. "Psychological Testing and Assessment" examines the philosophical, historical, and methodological foundations of psychological testing, assessment, and measurement, while helping students appreciate their benefits and pitfalls in practice. The text's time-tested and trusted approach incorporates up-to-date research, insightful culture-related perspectives, engaging examples and illustrations, critical thinking questions, even humor to involve students and maintain interest. 4aPsychology. 4aPsychological testing & measurement.1 aSwerdlik, Mark.403Amazon.comuhttp://www.amazon.com/exec/obidos/ASIN/007111260X/chopaconline-20403Amazon customer reviewsuhttp://www.chopac.org/cgi-bin/tools/azrev.pl?q=007111260X